| 000 | 00598nam a22002057a 4500 | ||
|---|---|---|---|
| 008 | 240702b mp ||||| |||| 00| 0 mon d | ||
| 035 | _a21129 | ||
| 040 |
_aZA2481090 _brus _cMN-UlNLM _dMN-UlNLM _erda |
||
| 041 | _arus | ||
| 042 | _a50376 | ||
| 084 |
_2NNA _a84/2орос/-44 _bД-39 |
||
| 100 | _aДефо Д. | ||
| 245 | 0 | _aПриключения робинзона крузо | |
| 264 |
_aМосква _bМеталлургия _c1982 |
||
| 300 | _a326х. | ||
| 336 |
_2rdacontent _atext _btxt |
||
| 337 |
_2rdamedia _aunmediated _bn |
||
| 338 |
_2rdacarrier _avolume _bnc |
||
| 942 |
_2NNA _cBK |
||
| 999 |
_c1088921 _d1088978 |
||